[Event "XL C.to Italiano a squadre Master"]
[Site "Arvier ITA"]
[Date "2008.05.03"]
[Round "5"]
[White "Garcia Palermo, Carlos Horacio"]
[Black "Bellini, Fabio"]
[Result "1-0"]
[WhiteElo "2465"]
[BlackElo "2518"]
[PlyCount "121"]
[EventDate "2008.05.01"]

1. Nf3 d5 2. g3 Bg4 3. Bg2 c6 4. b3 Nd7 5. Bb2 Ngf6 6. c4 e6 7. d3 Bd6 8. Nbd2
O-O 9. O-O Qe7 10. h3 Bxf3 11. Nxf3 Ba3 12. Qc1 Bxb2 13. Qxb2 e5 14. cxd5 cxd5
15. Rac1 Rac8 16. b4 g6 17. a3 Qd6 18. e3 Qb8 19. h4 h5 20. Bh3 Rcd8 21. Ng5
Nh7 22. Nxh7 Kxh7 23. Rc2 Nb6 24. Qb3 Rfe8 25. Rc5 Qd6 26. a4 Re7 27. a5 Na8
28. Rfc1 Nc7 29. b5 Ne6 30. Bxe6 Qxe6 31. Rc7 Kg7 32. b6 axb6 33. axb6 Kf6 34.
Qa3 Rd6 35. Qa8 Re8 36. Qxb7 Rxb6 37. Rxf7+ Qxf7 38. Qxb6+ Kg7 39. Qd6 Re7 40.
Rc5 d4 41. Rxe5 Rd7 42. Qc5 dxe3 43. Qxe3 Qf6 44. d4 Qd6 45. Re6 Qxd4 46. Re7+
Kf8 47. Rxd7 Qxd7 48. Qh6+ Qg7 49. Qxg7+ Kxg7 50. Kg2 Kf6 51. Kf3 Kf5 52. Ke3
Ke5 53. f3 Kf5 54. Kd4 Kf6 55. Ke4 Ke6 56. g4 hxg4 57. fxg4 Kf6 58. Kd5 Ke7 59.
Ke5 Kf7 60. Kd6 Kf6 61. g5+ 1-0

[Event "XL C.to Italiano a squadre Master"]
[Site "Arvier ITA"]
[Date "2008.05.03"]
[Round "5"]
[White "Hautala, Roman"]
[Black "Piscopo, Pierluigi"]
[Result "1/2-1/2"]
[WhiteElo "2239"]
[BlackElo "2379"]
[PlyCount "61"]
[EventDate "2008.05.01"]

1. e4 c5 2. Nf3 Nc6 3. d4 cxd4 4. Nxd4 Nf6 5. Nc3 e5 6. Ndb5 d6 7. Bg5 a6 8.
Na3 b5 9. Bxf6 gxf6 10. Nd5 Bg7 11. c3 Ne7 12. Nc2 f5 13. exf5 Bxf5 14. Nce3
Be6 15. Be2 Nxd5 16. Nxd5 O-O 17. O-O Rb8 18. Qd2 a5 19. Rfd1 f5 20. a4 bxa4
21. Rxa4 Kh8 22. b4 axb4 23. Rxb4 Rc8 24. c4 e4 25. Rb7 Rf7 26. Rxf7 Bxf7 27.
Qf4 Bg6 28. g3 Be5 29. Qh6 Bg7 30. Qe3 Rb8 31. Nf4 1/2-1/2

[Event "XL C.to Italiano a squadre Master"]
[Site "Arvier ITA"]
[Date "2008.05.03"]
[Round "5"]
[White "Marelli, Mauro"]
[Black "Mauro, Alan"]
[Result "0-1"]
[WhiteElo "2256"]
[BlackElo "2187"]
[PlyCount "86"]
[EventDate "2008.05.01"]

1. d4 g6 2. c4 Bg7 3. Nc3 d6 4. e4 Nc6 5. Nge2 e5 6. Be3 exd4 7. Nxd4 Nf6 8.
Nxc6 bxc6 9. Be2 O-O 10. O-O Re8 11. Qc2 Qe7 12. Bd3 Ng4 13. Bf4 Be5 14. Qd2
Rb8 15. Rab1 Qf6 16. Bxe5 Qxe5 17. g3 Qh5 18. f3 Ne5 19. Be2 Nxc4 20. Qd4 Nb6
21. f4 Bg4 22. Bxg4 Qxg4 23. f5 Qg5 24. Rf4 Re5 25. Rbf1 Rf8 26. Kg2 Qe7 27. f6
Qe6 28. Qe3 Rh5 29. g4 Rg5 30. Kh1 Nd5 31. Nxd5 cxd5 32. h4 Re5 33. Kh2 Kh8 34.
Qxa7 Rxe4 35. Qxc7 Rxf4 36. Rxf4 Qe2+ 37. Kg3 Re8 38. Rf3 Qe1+ 39. Kh3 Qh1+ 40.
Kg3 Qg1+ 41. Kh3 h5 42. gxh5 gxh5 43. Qd7 Rg8 0-1

[Event "XL C.to Italiano a squadre Master"]
[Site "Arvier ITA"]
[Date "2008.05.03"]
[Round "5"]
[White "Martorelli, Antonio"]
[Black "Shytaj, Luca"]
[Result "0-1"]
[WhiteElo "2230"]
[BlackElo "2467"]
[PlyCount "72"]
[EventDate "2008.05.01"]

1. e4 c5 2. c3 Nf6 3. e5 Nd5 4. Nf3 Nc6 5. d4 cxd4 6. cxd4 d6 7. Bc4 Nb6 8.
Bxf7+ Kxf7 9. Ng5+ Kg8 10. e6 Qe8 11. d5 Nd8 12. Nc3 h6 13. Nge4 Nxe6 14. dxe6
Bxe6 15. O-O g6 16. Be3 Rh7 17. Re1 Qd7 18. Bxb6 axb6 19. Nd5 Bxd5 20. Qxd5+
Rf7 21. Rad1 Ra5 22. Qb3 Qb5 23. Qc2 Qf5 24. Rd3 Re5 25. Rf3 Qe6 26. Rxf7 Qxf7
27. Rc1 Kh7 28. a3 Bg7 29. f3 Qf4 30. Rd1 Qe3+ 31. Kf1 d5 32. Nf2 Re6 33. Qd2
Qe5 34. Nd3 Qxh2 35. Nf4 Rd6 36. Nxd5 Re6 0-1

[Event "XL C.to Italiano a squadre Master"]
[Site "Arvier ITA"]
[Date "2008.05.03"]
[Round "5"]
[White "Mogranzini, Roberto"]
[Black "Vocaturo, Daniele"]
[Result "1-0"]
[WhiteElo "2418"]
[BlackElo "2412"]
[PlyCount "149"]
[EventDate "2008.05.01"]

1. e4 e5 2. Nf3 Nc6 3. Bb5 a6 4. Bxc6 dxc6 5. O-O Ne7 6. Nxe5 Qd4 7. Qh5 g6 8.
Nf3 Qxe4 9. Qa5 b6 10. Qc3 Rg8 11. Re1 Qd5 12. d4 Be6 13. Nbd2 O-O-O 14. Ne4
Qc4 15. Qxc4 Bxc4 16. b3 Be6 17. Nf6 Rh8 18. Ng5 Nf5 19. Nxe6 fxe6 20. c3 c5
21. dxc5 Bxc5 22. Ne4 Be7 23. Bf4 Rd5 24. g3 Rf8 25. Re2 Rf7 26. Kf1 Nh4 27. c4
Rdf5 28. Rd1 Nf3 29. h3 Rh5 30. Rd3 e5 31. Rxf3 exf4 32. g4 Re5 33. Rd3 f3 34.
Ree3 h5 35. Nd2 Rxe3 36. Rxe3 hxg4 37. hxg4 Bb4 38. Rxf3 Re7 39. Rd3 a5 40. Nf3
Bc5 41. Ng5 Re8 42. a4 Kb7 43. f3 Bd6 44. Ne4 Bf4 45. c5 Rh8 46. cxb6 Kxb6 47.
Rc3 Rh2 48. Nc5 c6 49. Nd7+ Kb7 50. Nf8 Bd6 51. Ne6 Rb2 52. Nd8+ Kc7 53. Nxc6
Kb6 54. Nd8 Bc5 55. Ne6 Rb1+ 56. Kg2 Rb2+ 57. Kg3 Bd6+ 58. f4 Rb1 59. Kf3 Rg1
60. Rd3 Ba3 61. f5 gxf5 62. gxf5 Re1 63. Rd5 Rb1 64. Rb5+ Kc6 65. Nd4+ Kd6 66.
Rxa5 Bc5 67. Ne6 Rxb3+ 68. Kg4 Bf2 69. Rb5 Ra3 70. Ra5 Ke7 71. Ra6 Rb3 72. f6+
Ke8 73. Ng5 Rb8 74. Kf5 Be3 75. Re6+ 1-0

[Event "XL C.to Italiano a squadre Master"]
[Site "Arvier ITA"]
[Date "2008.05.03"]
[Round "5"]
[White "Nguyen, Chi-Minh"]
[Black "Tocchioni, Doriano"]
[Result "1/2-1/2"]
[WhiteElo "2415"]
[BlackElo "2279"]
[PlyCount "120"]
[EventDate "2008.05.01"]

1. d4 Nf6 2. c4 e6 3. Nc3 d5 4. cxd5 exd5 5. Bg5 c6 6. e3 Nbd7 7. Qc2 Be7 8.
Bd3 Nf8 9. Nf3 Ne6 10. Bh4 g6 11. h3 O-O 12. O-O c5 13. dxc5 Nxc5 14. Rfd1 Be6
15. Nb5 Nxd3 16. Qxd3 a6 17. Nc3 Qb6 18. Na4 Qb4 19. Qd4 Qxd4 20. Nxd4 Rfe8 21.
Nb6 Rad8 22. Rac1 Ne4 23. Bxe7 Rxe7 24. Rc2 Rd6 25. Nxe6 Rexe6 26. Nxd5 Kg7 27.
Rd4 Re5 28. Nf4 Rxd4 29. exd4 Rb5 30. b3 Rf5 31. g3 g5 32. Ng2 Rf3 33. d5 Rc3
34. Re2 Rc1+ 35. Kh2 Nc3 36. Rd2 Rd1 37. Rxd1 Nxd1 38. Ne3 Nxf2 39. Kg2 Nd3 40.
Kf3 Kf6 41. Ng4+ Ke7 42. Ke4 Nc1 43. Ke5 Nxa2 44. Nf6 Nc1 45. d6+ Kd8 46. Nxh7
Nxb3 47. Nxg5 a5 48. Nxf7+ Ke8 49. Ke6 Nd4+ 50. Kd5 Kxf7 51. Kxd4 Ke6 52. Kc5
a4 53. Kb4 b5 54. Kxb5 a3 55. Kc6 a2 56. d7 a1=Q 57. d8=Q Qc3+ 58. Kb5 Qxg3 59.
Kc4 Qf4+ 60. Kd3 Qd6+ 1/2-1/2

[Event "XL C.to Italiano a squadre Master"]
[Site "Arvier ITA"]
[Date "2008.05.03"]
[Round "5"]
[White "Ortega, Lexy"]
[Black "Cocchi, Andrea"]
[Result "1/2-1/2"]
[WhiteElo "2459"]
[BlackElo "2316"]
[PlyCount "124"]
[EventDate "2008.05.01"]

1. d4 c6 2. Nf3 Nf6 3. c4 g6 4. Nc3 d5 5. cxd5 cxd5 6. Bf4 Nc6 7. e3 Nh5 8. Be5
f6 9. Bg3 Nxg3 10. hxg3 Bg7 11. Rc1 f5 12. Bb5 Qd6 13. Qb3 e6 14. Na4 O-O 15.
Bxc6 bxc6 16. Qc3 Bd7 17. O-O Rac8 18. Nc5 Rc7 19. Rc2 Bf6 20. Na6 Rb7 21. Qc5
Be7 22. Ne5 Rc8 23. Qxd6 Bxd6 24. Nxd7 Rxd7 25. Rfc1 e5 26. Rxc6 Rxc6 27. Rxc6
exd4 28. exd4 Bf8 29. Nc5 Re7 30. Ne6 Bh6 31. Rc8+ Kf7 32. Nd8+ Kf6 33. Rc6+
Kg7 34. Rc7 Rxc7 35. Ne6+ Kf7 36. Nxc7 Bg7 37. Nb5 a6 38. Nc7 Bxd4 39. b4 Ke7
40. Nxa6 Kd6 41. b5 Bb6 42. Kf1 d4 43. f3 Kd5 44. Nb8 Bc7 45. Nd7 Bxg3 46. Ke2
Kd6 47. Nf8 Kc5 48. Kd3 Kxb5 49. Kxd4 g5 50. Nxh7 g4 51. fxg4 fxg4 52. Nf6 Kb4
53. Ke4 Ka3 54. Kf5 Kxa2 55. Kxg4 Bf2 56. Ne4 Be3 57. Kf5 Kb3 58. g4 Kc4 59.
Nf6 Kc5 60. Nh5 Kd6 61. Nf4 Bd2 62. g5 Bxf4 1/2-1/2

[Event "XL C.to Italiano a squadre Master"]
[Site "Arvier ITA"]
[Date "2008.05.03"]
[Round "5"]
[White "Sarno, Spartaco"]
[Black "Patelli, Alessandro"]
[Result "1-0"]
[WhiteElo "2329"]
[BlackElo "2219"]
[PlyCount "57"]
[EventDate "2008.05.01"]

1. Nf3 e6 2. c4 f5 3. g3 Nf6 4. Bg2 Be7 5. O-O O-O 6. Qc2 d6 7. Nc3 a5 8. d4
Qe8 9. e4 fxe4 10. Nxe4 Nxe4 11. Qxe4 Bf6 12. Bd2 Nc6 13. Bc3 Bd7 14. Rae1 Qf7
15. Nd2 Rae8 16. f4 a4 17. Qd3 d5 18. Nf3 dxc4 19. Qxc4 b5 20. Qxb5 Nxd4 21.
Qc5 Nxf3+ 22. Rxf3 Bxc3 23. Rxc3 Rb8 24. Rc2 Qf6 25. Qe5 c5 26. Rd2 Qe7 27. Bh3
Rbd8 28. Qc7 Rfe8 29. Red1 1-0

[Event "XL C.to Italiano a squadre Master"]
[Site "Arvier ITA"]
[Date "2008.05.03"]
[Round "6"]
[White "Amato, Andrea"]
[Black "Sarno, Spartaco"]
[Result "0-1"]
[WhiteElo "2252"]
[BlackElo "2329"]
[PlyCount "82"]
[EventDate "2008.05.01"]

1. e4 d6 2. d4 Nf6 3. Nc3 g6 4. Be3 Bg7 5. Qd2 O-O 6. Bh6 Bxh6 7. Qxh6 c5 8.
Nge2 cxd4 9. Nxd4 Qb6 10. O-O-O Nc6 11. Nxc6 bxc6 12. f3 Be6 13. b3 Rab8 14. h4
a5 15. e5 dxe5 16. h5 Qb4 17. Ne4 Nxe4 18. fxe4 Qa3+ 19. Kd2 Qb4+ 20. Kc1 Qxe4
21. hxg6 Qxg6 22. Qe3 e4 23. Rd4 Rb4 24. c4 a4 25. Rh6 Qg7 26. Rh5 Kh8 27. Kc2
axb3+ 28. axb3 f5 29. g4 c5 30. Rd2 Ra8 31. gxf5 Bxf5 32. Rg5 Qa1 33. Qc3+
Qxc3+ 34. Kxc3 e6 35. Rd7 Rab8 36. Kd2 Rxb3 37. Ke2 R3b7 38. Rd6 Rg7 39. Rxg7
Kxg7 40. Rc6 Rb2+ 41. Ke3 Rb3+ 0-1

[Event "XL C.to Italiano a squadre Master"]
[Site "Arvier ITA"]
[Date "2008.05.03"]
[Round "6"]
[White "Arlandi, Ennio"]
[Black "Mazzilli, Piero"]
[Result "0-1"]
[WhiteElo "2436"]
[BlackElo "2332"]
[PlyCount "96"]
[EventDate "2008.05.01"]

1. d4 d5 2. c4 e6 3. Nc3 c6 4. e3 Bd6 5. Qc2 f5 6. Bd3 Nf6 7. cxd5 cxd5 8. Nb5
Nc6 9. Nxd6+ Qxd6 10. Bd2 Bd7 11. Nf3 O-O 12. O-O Rfc8 13. Qb3 Rc7 14. Rfc1
Rac8 15. Rc2 Be8 16. Rac1 Bh5 17. Bb5 Ne4 18. Be1 Bxf3 19. gxf3 Ng5 20. Kg2 f4
21. Bxc6 Rxc6 22. Rxc6 Rxc6 23. Rxc6 Qxc6 24. Qb4 fxe3 25. fxe3 Qc2+ 26. Qd2
Qf5 27. Qe2 Qh3+ 28. Kh1 Qxf3+ 29. Qxf3 Nxf3 30. Bb4 Kf7 31. Kg2 Ng5 32. Kg3
Ne4+ 33. Kf4 Kf6 34. h4 Nf2 35. Ba3 Nd3+ 36. Kg4 g6 37. b3 h5+ 38. Kf3 Kf5 39.
Bd6 Nc1 40. Bb4 Nxa2 41. Bd2 b6 42. b4 a6 43. e4+ dxe4+ 44. Ke3 a5 45. bxa5
bxa5 46. Bxa5 Nc1 47. Bc7 Nd3 48. Bd6 Ne1 0-1

[Event "XL C.to Italiano a squadre Master"]
[Site "Arvier ITA"]
[Date "2008.05.03"]
[Round "6"]
[White "Bentivegna, Francesco"]
[Black "Brunello, Sabino"]
[Result "0-1"]
[WhiteElo "2361"]
[BlackElo "2475"]
[PlyCount "120"]
[EventDate "2008.05.01"]

1. c4 Nf6 2. Nc3 c5 3. g3 e6 4. Nf3 b6 5. Bg2 Bb7 6. O-O Be7 7. d4 cxd4 8. Nxd4
Bxg2 9. Kxg2 O-O 10. e4 d6 11. Be3 Qc8 12. Rc1 Qb7 13. f3 Nbd7 14. Qe2 Rfe8 15.
Rfd1 a6 16. Qf2 Rac8 17. b3 h6 18. Qd2 Bf8 19. Bf2 Ne5 20. h3 Rcd8 21. Nc2 Nfd7
22. f4 Nc6 23. Kh2 b5 24. cxb5 axb5 25. Qd3 b4 26. Qb5 Rb8 27. Qxb7 Rxb7 28.
Na4 Nf6 29. Re1 e5 30. f5 d5 31. exd5 Nxd5 32. Ne3 Nxe3 33. Bxe3 Ne7 34. g4 Nd5
35. Kg2 Be7 36. Rcd1 Rb5 37. Bc1 Bg5 38. Kf3 Bxc1 39. Rxc1 f6 40. h4 Nf4 41.
Rcd1 h5 42. gxh5 Kh7 43. Re4 Nxh5 44. Rd7 Kh6 45. Rc4 e4+ 46. Rxe4 Rxf5+ 47.
Ke3 Rxe4+ 48. Kxe4 Rf4+ 49. Ke3 Rxh4 50. Nc5 g5 51. Nd3 Ng7 52. Rb7 Nf5+ 53.
Kf2 Rh2+ 54. Kg1 Rd2 55. Nxb4 g4 56. Rb5 Ne3 57. Rc5 g3 58. Rc1 Kg5 59. Re1 Ng2
60. Rf1 Nf4 0-1

[Event "XL C.to Italiano a squadre Master"]
[Site "Arvier ITA"]
[Date "2008.05.03"]
[Round "6"]
[White "Bocchicchio, Gaetano"]
[Black "Borgo, Giulio"]
[Result "0-1"]
[WhiteElo "2140"]
[BlackElo "2453"]
[PlyCount "120"]
[EventDate "2008.05.01"]

1. d4 d5 2. Nc3 e6 3. e4 h6 4. exd5 exd5 5. Qf3 Nf6 6. h3 c5 7. Bb5+ Bd7 8.
Bxd7+ Qxd7 9. Nge2 Nc6 10. Be3 c4 11. O-O Bd6 12. Rfe1 Ne7 13. Bf4 Bxf4 14.
Nxf4 O-O 15. Re5 Nc6 16. Ree1 Rad8 17. Rad1 a6 18. Nh5 Nxh5 19. Qxh5 b5 20. Re3
b4 21. Ne2 Rfe8 22. Rxe8+ Qxe8 23. c3 Qe4 24. Ng3 Qe6 25. Nf1 Kh7 26. Ne3 g6
27. Qf3 Kg7 28. Re1 Qf6 29. Qg3 Rd7 30. Ng4 Qg5 31. f4 Qf5 32. Ne3 Qf6 33. Ng4
Qf5 34. Ne3 Qd3 35. f5 bxc3 36. bxc3 Kh7 37. Nf1 Qxf5 38. Re3 Qg5 39. Qf2 Kg7
40. Rg3 Qf6 41. Rf3 Qe6 42. Ne3 h5 43. Qg3 Ne7 44. Qf4 Ng8 45. g4 hxg4 46. hxg4
Qf6 47. Qg3 Qg5 48. Qe5+ Qxe5 49. dxe5 f6 50. exf6+ Nxf6 51. Rf4 Re7 52. Rf3
Re5 53. Kg2 Kf7 54. Kh3 Ke7 55. Nc2 Ne4 56. Kh4 Nf6 57. Nd4 Re4 58. Rg3 Re1 59.
Nc6+ Kd6 60. g5 Ne4 0-1

[Event "XL C.to Italiano a squadre Master"]
[Site "Arvier ITA"]
[Date "2008.05.03"]
[Round "6"]
[White "Caposciutti, Maurizio"]
[Black "Garcia Palermo, Carlos Horacio"]
[Result "1/2-1/2"]
[WhiteElo "2313"]
[BlackElo "2465"]
[PlyCount "50"]
[EventDate "2008.05.01"]

1. Nf3 Nf6 2. c4 b6 3. g3 Bb7 4. Bg2 e6 5. O-O Be7 6. b3 O-O 7. Bb2 c5 8. Nc3
Nc6 9. d4 Nxd4 10. Nxd4 cxd4 11. Qxd4 Bxg2 12. Kxg2 Qc7 13. Rfd1 Rfd8 14. Qe3
a6 15. Qf3 Rab8 16. Rac1 Ne8 17. a4 Bf6 18. Ba3 d6 19. Rd3 Qa7 20. Bb4 Be7 21.
Rcd1 Qc7 22. Qf4 Rd7 23. h3 Rbd8 24. Qf3 h6 25. Ba3 Kf8 1/2-1/2

[Event "XL C.to Italiano a squadre Master"]
[Site "Arvier ITA"]
[Date "2008.05.03"]
[Round "6"]
[White "Cereda, Mauro K."]
[Black "Vancini, Edoardo"]
[Result "0-1"]
[WhiteElo "1718"]
[BlackElo "2275"]
[PlyCount "58"]
[EventDate "2008.05.01"]

1. d4 Nf6 2. c4 Nc6 3. Nc3 e5 4. d5 Ne7 5. e4 Ng6 6. Bd3 Bc5 7. Be3 Bxe3 8.
fxe3 d6 9. Qd2 c6 10. Nge2 O-O 11. O-O-O Bd7 12. Ng3 Nh4 13. h3 a6 14. Nf5 Nxf5
15. exf5 cxd5 16. cxd5 b5 17. e4 b4 18. Ne2 Bb5 19. Kb1 Qb6 20. g4 Nd7 21. Ng3
Rfc8 22. Ka1 b3 23. a3 Bxd3 24. Qxd3 Rc2 25. Ne2 Qf2 26. Rde1 Nc5 27. Qd1 Nxe4
28. Rhf1 Qc5 29. Qd3 Nd2 0-1

[Event "XL C.to Italiano a squadre Master"]
[Site "Arvier ITA"]
[Date "2008.05.03"]
[Round "6"]
[White "Lagumina, Giulio"]
[Black "Collutiis, Duilio"]
[Result "1/2-1/2"]
[WhiteElo "2327"]
[BlackElo "2415"]
[PlyCount "35"]
[EventDate "2008.05.01"]

1. e4 c5 2. Nf3 Nc6 3. Bb5 e6 4. O-O Nge7 5. b3 a6 6. Bxc6 Nxc6 7. Bb2 Qc7 8.
c4 d6 9. d4 cxd4 10. Nxd4 Bd7 11. Nc3 Be7 12. Nxc6 Bxc6 13. Rc1 Qa5 14. Re1 O-O
15. Nd5 exd5 16. exd5 Bg5 17. Qg4 Qd2 18. dxc6 1/2-1/2

[Event "XL C.to Italiano a squadre Master"]
[Site "Arvier ITA"]
[Date "2008.05.03"]
[Round "6"]
[White "Manca, Federico"]
[Black "Magini, Fabio"]
[Result "1-0"]
[WhiteElo "2372"]
[BlackElo "1970"]
[PlyCount "83"]
[EventDate "2008.05.01"]

1. e4 Nf6 2. e5 Nd5 3. d4 d6 4. Nf3 Bg4 5. Be2 e6 6. h3 Bh5 7. c4 Nb6 8. exd6
cxd6 9. Nc3 Be7 10. d5 e5 11. g4 Bg6 12. h4 h6 13. h5 Bh7 14. Bd3 Bxd3 15. Qxd3
Qc8 16. b3 Na6 17. Rg1 Nc5 18. Qe2 a5 19. Nd2 Qd7 20. Nde4 Nxe4 21. Nxe4 f6 22.
Be3 Ra6 23. Ng3 Nc8 24. Qc2 Bf8 25. f3 Ra8 26. Kf2 Ne7 27. a3 Kf7 28. a4 Rc8
29. Qd3 Re8 30. Rab1 Ra8 31. Rb2 Nc8 32. Ra1 Be7 33. Qg6+ Kf8 34. b4 Bd8 35.
Qb1 axb4 36. Rxb4 b6 37. a5 bxa5 38. Rb7 Qe8 39. Nf5 Rg8 40. Nxh6 Ne7 41. Qh7
Rc8 42. Nxg8 1-0

[Event "XL C.to Italiano a squadre Master"]
[Site "Arvier ITA"]
[Date "2008.05.03"]
[Round "6"]
[White "Mogranzini, Roberto"]
[Black "Hautala, Roman"]
[Result "1/2-1/2"]
[WhiteElo "2418"]
[BlackElo "2239"]
[PlyCount "49"]
[EventDate "2008.05.01"]

1. e4 Nf6 2. e5 Nd5 3. c4 Nb6 4. d4 d6 5. exd6 cxd6 6. Nc3 g6 7. Be3 Bg7 8. Rc1
O-O 9. b3 e5 10. dxe5 dxe5 11. Qxd8 Rxd8 12. c5 N6d7 13. Bc4 Nc6 14. Ne4 Re8
15. Nd6 Re7 16. Nf3 h6 17. Nh4 Nf8 18. Nxc8 Rxc8 19. O-O Ne6 20. Rfd1 Kh7 21.
Bxe6 Rxe6 22. Rd7 Re7 23. Rxe7 Nxe7 24. Rd1 Rc7 25. g3 1/2-1/2

[Event "XL C.to Italiano a squadre Master"]
[Site "Arvier ITA"]
[Date "2008.05.03"]
[Round "6"]
[White "Napoli, Nicolo'"]
[Black "Vocaturo, Daniele"]
[Result "0-1"]
[WhiteElo "2318"]
[BlackElo "2412"]
[PlyCount "102"]
[EventDate "2008.05.01"]

1. g3 e5 2. Bg2 d6 3. d4 Be7 4. Nf3 e4 5. Nfd2 f5 6. f3 d5 7. c4 c6 8. Nc3 Nf6
9. O-O O-O 10. Qb3 Kh8 11. cxd5 cxd5 12. fxe4 fxe4 13. e3 Nc6 14. a3 b6 15.
Rxf6 Bxf6 16. Qxd5 Bb7 17. Ndxe4 Qxd5 18. Nxd5 Nxd4 19. Nexf6 Nb3 20. Rb1 gxf6
21. e4 Nxc1 22. Rxc1 Rac8 23. Rd1 Rfd8 24. Rf1 Bxd5 25. exd5 Kg7 26. Be4 Rc5
27. Rf4 Rc4 28. Rg4+ Kh8 29. Kf2 f5 30. Bxf5 Rxg4 31. Bxg4 Rxd5 32. Ke3 Kg7 33.
Bf3 Rc5 34. Kd3 Kf6 35. a4 Ke5 36. Bg2 Rc1 37. Kd2 Ra1 38. Bc6 h6 39. Kd3 Kd6
40. Bb5 Rh1 41. Ke4 Rxh2 42. b3 Rh5 43. Bc4 Rg5 44. Kf4 Kc5 45. Bf7 b5 46. axb5
Kxb5 47. Be6 Kb4 48. Bf7 a5 49. Be6 Kc3 50. g4 Rb5 51. Bf7 Rxb3 0-1

[Event "XL C.to Italiano a squadre Master"]
[Site "Arvier ITA"]
[Date "2008.05.03"]
[Round "6"]
[White "Patelli, Alessandro"]
[Black "Sibilio, Mario"]
[Result "1/2-1/2"]
[WhiteElo "2219"]
[BlackElo "2362"]
[PlyCount "50"]
[EventDate "2008.05.01"]

1. d4 d6 2. Nf3 g6 3. c4 Bg7 4. Nc3 Nf6 5. e4 O-O 6. Be2 Na6 7. Be3 c5 8. d5 e6
9. h3 Re8 10. O-O exd5 11. exd5 Bf5 12. Bd3 Ne4 13. Nxe4 Bxe4 14. Bxe4 Rxe4 15.
Qc2 Re8 16. Qd2 Qd7 17. Bf4 Re4 18. Rac1 b5 19. cxb5 Nc7 20. Rfe1 Rae8 21. Rxe4
Rxe4 22. Re1 Rxe1+ 23. Nxe1 Nxb5 24. Nf3 c4 25. a4 Nc7 1/2-1/2

[Event "XL C.to Italiano a squadre Master"]
[Site "Arvier ITA"]
[Date "2008.05.03"]
[Round "6"]
[White "Piscopo, Pierluigi"]
[Black "Ramondino, Renzo"]
[Result "1/2-1/2"]
[WhiteElo "2379"]
[BlackElo "2275"]
[PlyCount "43"]
[EventDate "2008.05.01"]

1. e4 e5 2. Nf3 Nc6 3. Nc3 Nf6 4. g3 d6 5. Bg2 Bg4 6. h3 Bh5 7. d3 Be7 8. g4
Bg6 9. Be3 d5 10. exd5 Nxd5 11. Nxd5 Qxd5 12. O-O Qd7 13. d4 exd4 14. Nxd4 Nxd4
15. Qxd4 Qxd4 16. Bxd4 O-O-O 17. Bxg7 Rhg8 18. Be5 f5 19. gxf5 Bxf5 20. Kh2 Bd6
21. Bxd6 Rxd6 22. Rad1 1/2-1/2

[Event "XL C.to Italiano a squadre Master"]
[Site "Arvier ITA"]
[Date "2008.05.03"]
[Round "6"]
[White "Radice, Luca"]
[Black "Ronchetti, Niccolo'"]
[Result "0-1"]
[WhiteElo "2098"]
[BlackElo "2431"]
[PlyCount "102"]
[EventDate "2008.05.01"]

1. d4 Nf6 2. c4 Nc6 3. Nf3 e6 4. a3 d6 5. Nc3 g6 6. b4 Bg7 7. Bb2 O-O 8. e3 Qe7
9. Qb3 b6 10. Be2 Bb7 11. O-O Nb8 12. Rad1 Nbd7 13. Rd2 h6 14. Rfd1 Nh7 15. Ne1
Ng5 16. f4 Ne4 17. Nxe4 Bxe4 18. Nd3 Bb7 19. Ne1 Nf6 20. Bf3 Ne4 21. Bxe4 Bxe4
22. Nf3 a6 23. Rf2 b5 24. Nd2 bxc4 25. Nxc4 Rab8 26. Qa4 f5 27. Rc1 Rfc8 28.
Rd2 g5 29. Qd1 Kh7 30. Na5 Qf7 31. Qe2 Rb5 32. Nc4 Rg8 33. fxg5 Bf8 34. g6+
Rxg6 35. Qf1 h5 36. Rf2 Bh6 37. Re1 Qd7 38. Nd2 Ba8 39. Nc4 Be4 40. Nd2 Ba8 41.
Nc4 Qd8 42. Nd2 Qg8 43. Nf3 Bd5 44. Bc3 c6 45. Nd2 Rb7 46. Nc4 Rbg7 47. e4 Bxc4
48. Qxc4 Rxg2+ 49. Kf1 Rxf2+ 50. Kxf2 Rg2+ 51. Kf1 Qg4 0-1

[Event "XL C.to Italiano a squadre Master"]
[Site "Arvier ITA"]
[Date "2008.05.03"]
[Round "6"]
[White "Romero Holmes, Alfonso"]
[Black "Di Caro, Calogero"]
[Result "1/2-1/2"]
[WhiteElo "2528"]
[BlackElo "2399"]
[PlyCount "55"]
[EventDate "2008.05.01"]

1. c4 c5 2. Nf3 Nc6 3. d4 cxd4 4. Nxd4 Nf6 5. g3 g6 6. Bg2 Bg7 7. Nc2 O-O 8.
Nc3 d6 9. b3 Be6 10. h3 Qd7 11. Bb2 a6 12. Ne3 Rab8 13. a4 Rfc8 14. Qd2 Qd8 15.
O-O Nd7 16. Rab1 Nc5 17. Ba1 a5 18. Nc2 Qb6 19. Qd1 Nb4 20. Nd4 Bd7 21. e3 Bc6
22. h4 Rd8 23. Qg4 e6 24. h5 Bxg2 25. Kxg2 d5 26. cxd5 Nxd5 27. hxg6 hxg6 28.
Nxd5 1/2-1/2

[Event "XL C.to Italiano a squadre Master"]
[Site "Arvier ITA"]
[Date "2008.05.03"]
[Round "6"]
[White "Scalcione, Michelangelo"]
[Black "Di Fonzo, Valerio"]
[Result "1-0"]
[WhiteElo "2455"]
[BlackElo "2212"]
[PlyCount "89"]
[EventDate "2008.05.01"]

1. Nf3 Nf6 2. c4 g6 3. Nc3 Bg7 4. e4 e5 5. Nxe5 Nxe4 6. Nxe4 Bxe5 7. d4 Bg7 8.
Bg5 f6 9. Be3 O-O 10. Qd2 f5 11. Nc3 d6 12. O-O-O Nc6 13. Nd5 Be6 14. h4 Bxd5
15. cxd5 f4 16. Bxf4 Nxd4 17. Bg5 Qe8 18. Rh3 Qe5 19. Rd3 c5 20. dxc6 Nxc6 21.
Rd5 Qe4 22. f3 Qa4 23. a3 Rac8 24. Kb1 Ne5 25. Ra5 Qb3 26. Rb5 Qa4 27. Rb4 Qc6
28. Bb5 Qc5 29. Be3 Qc7 30. Qd5+ Kh8 31. Rc1 Nc6 32. Rb3 a6 33. Bf1 Rfe8 34.
Bf4 Rcd8 35. h5 gxh5 36. Qxh5 Re6 37. Bd3 Be5 38. Bg5 Rf8 39. Rh1 Rf7 40. Qg4
Nd4 41. Rc3 Qd7 42. Bc4 Rg6 43. Bxf7 Qxg4 44. fxg4 Rxg5 45. Rc8+ 1-0

[Event "XL C.to Italiano a squadre Master"]
[Site "Arvier ITA"]
[Date "2008.05.03"]
[Round "6"]
[White "Shytaj, Luca"]
[Black "Palac, Mladen"]
[Result "0-1"]
[WhiteElo "2467"]
[BlackElo "2559"]
[PlyCount "94"]
[EventDate "2008.05.01"]

1. e4 c5 2. Nf3 d6 3. d4 cxd4 4. Nxd4 Nf6 5. f3 Nc6 6. c4 Qb6 7. Nc2 g6 8. Nc3
Bg7 9. Qe2 O-O 10. Qf2 Qxf2+ 11. Kxf2 Nd7 12. Bd2 Nb6 13. Ne3 Bd4 14. Ke1 f5
15. exf5 gxf5 16. Rc1 f4 17. Ned5 Be5 18. b3 Nxd5 19. Nxd5 e6 20. Nb4 Bd4 21.
Bd3 a5 22. Nc2 Bc5 23. a3 d5 24. b4 axb4 25. axb4 Ne5 26. Be2 Bd6 27. c5 Bc7
28. Nd4 Nc6 29. Nb5 Be5 30. Bd3 Bd7 31. Nd6 Ra2 32. b5 Nd4 33. Rb1 b6 34. Nb7
Bc8 35. c6 Bxb7 36. cxb7 Rb8 37. Kd1 Rxb7 38. Re1 Bf6 39. Bxf4 Rxg2 40. Rc1 e5
41. Be3 Nxf3 42. Re2 Rxe2 43. Bxe2 e4 44. Bxf3 exf3 45. Rc6 Bh4 46. Rxb6 d4 47.
Bxd4 f2 0-1

[Event "XL C.to Italiano a squadre Master"]
[Site "Arvier ITA"]
[Date "2008.05.03"]
[Round "6"]
[White "Stangl, Markus"]
[Black "Cecconi, Giovanni Alberto"]
[Result "0-1"]
[WhiteElo "2453"]
[BlackElo "2206"]
[PlyCount "66"]
[EventDate "2008.05.01"]

1. Nf3 f5 2. d4 Nf6 3. Bf4 e6 4. e3 d5 5. h3 c5 6. c3 Nc6 7. g4 Bd6 8. Ne5 Ne4
9. Nd2 cxd4 10. Nxc6 bxc6 11. Bxd6 Nxf2 12. Kxf2 dxe3+ 13. Kxe3 Qxd6 14. Bd3
O-O 15. gxf5 e5 16. Qg4 e4 17. Bc2 Rxf5 18. Qh4 Ba6 19. Nb3 Raf8 20. Rae1 Rf4
21. Qh5 Rf2 22. Bd1 c5 23. Qh4 R2f4 24. Qh5 R4f5 25. Qh4 h6 26. Kd2 Bd3 27. Kc1
Rf2 28. Rhg1 Qh2 29. Be2 Rxe2 30. Rxe2 Qxe2 31. Rxg7+ Kxg7 32. Qe7+ Rf7 33.
Qe5+ Kh7 0-1

[Event "XL C.to Italiano a squadre Master"]
[Site "Arvier ITA"]
[Date "2008.05.03"]
[Round "6"]
[White "Tocchioni, Doriano"]
[Black "Godena, Michele"]
[Result "0-1"]
[WhiteElo "2279"]
[BlackElo "2528"]
[PlyCount "88"]
[EventDate "2008.05.01"]

1. d4 d5 2. Nf3 Nf6 3. g3 c6 4. Bg2 Bg4 5. Nbd2 Nbd7 6. O-O e6 7. h3 Bh5 8. g4
Bg6 9. Nh4 Be7 10. Nxg6 hxg6 11. c4 Qc7 12. e3 Ne4 13. Nxe4 dxe4 14. f4 exf3
15. Qxf3 O-O 16. Bd2 Rad8 17. Be1 e5 18. Bg3 Qa5 19. a3 exd4 20. b4 Qa6 21. b5
cxb5 22. cxb5 Qxb5 23. exd4 Nb6 24. Qxb7 Bf6 25. Be5 Bxe5 26. dxe5 Qxe5 27.
Qxa7 Nc4 28. Rfe1 Qb2 29. Qb7 Qd4+ 30. Kh1 Ne3 31. Qe4 Nxg2 32. Qxg2 Rfe8 33.
Qf3 Qd2 34. Rxe8+ Rxe8 35. Rd1 Qc2 36. Rf1 f6 37. Rf2 Qc1+ 38. Kg2 Re3 39. Qd5+
Kh7 40. h4 Qxa3 41. Rf3 Qb2+ 42. Kg3 Re2 43. Rb3 Qc1 44. Qd4 Qe1+ 0-1